书目信息 |
| 题名: |
中老年自我治病奇效方集锦
|
|
| 作者: | 史书达 编 | |
| 分册: | ||
| 出版信息: | 赤峰 内蒙古科学技术出版社 2003 |
|
| 页数: | 568页 | |
| 开本: | 20cm | |
| 丛书名: | ||
| 单 册: | ||
| 中图分类: | R289.5 , R161 | |
| 科图分类: | ||
| 主题词: | 验方 , 个人卫生 | |
| 电子资源: | ||
| ISBN: | 7-5380-0690-7 | |
| 000 | 00814nam0 2200253 450 | |
| 001 | 1574255013 | |
| 005 | 20150130091151.31 | |
| 010 | @a7-5380-0690-7@b精装@dCNY28.00 | |
| 100 | @a20030916d2003 em y0chiy50 ea | |
| 101 | 0 | @achi |
| 102 | @aCN@b150000 | |
| 105 | @ay z 000yy | |
| 200 | 1 | @a中老年自我治病奇效方集锦@9zhong lao nian zi wo zhi bing qi xiao fang ji jin@f史书达编 |
| 205 | @a2版 | |
| 210 | @a赤峰@c内蒙古科学技术出版社@d2003 | |
| 215 | @a568页@d20cm | |
| 330 | @a全书共收录秘、验、偏方830条,并记载了一千位亲身试方的验证人,均有名有姓有真实地址,在每一条验方中,都有详细配方、治疗过程和治愈方法说明。 | |
| 606 | 0 | @a验方 |
| 606 | 0 | @a个人卫生 |
| 690 | @aR289.5@v5 | |
| 690 | @aR161@v4 | |
| 701 | 0 | @a史书达@9shi shu da@4编 |
| 801 | 0 | @aCN@bTSSF@c20150130 |
| 905 | @aZUCC@dR161@eJY244=2 | |
| 中老年自我治病奇效方集锦/史书达编.-2版.-赤峰:内蒙古科学技术出版社,2003 |
| 568页;20cm |
| ISBN 7-5380-0690-7(精装):CNY28.00 |
| 全书共收录秘、验、偏方830条,并记载了一千位亲身试方的验证人,均有名有姓有真实地址,在每一条验方中,都有详细配方、治疗过程和治愈方法说明。 |
| ● |
| 相关链接 |
|
|
|
|
正题名:中老年自我治病奇效方集锦
索取号:R161/JY244=2
 
预约/预借
| 序号 | 登录号 | 条形码 | 馆藏地/架位号 | 状态 | 备注 |
| 1 | 7863237 | 278632375 | 学院路分馆/ [索取号:R161/JY244=2] | 在馆 |